[Event "HUN-chT2 Breyer 1011"]
[Site "Hungary"]
[Date "2010.09.12"]
[Round "1.9"]
[White "Kiss, Kinga"]
[Black "Torday, Balazs"]
[Result "0-1"]
[WhiteElo "2092"]
[BlackElo "2045"]
[PlyCount "76"]
[EventDate "2010.09.12"]
[EventType "team-tourn"]
[EventRounds "11"]
[EventCountry "HUN"]
[SourceTitle "EXT 2012"]
[Source "ChessBase"]
[SourceDate "2011.11.24"]
[SourceVersion "1"]
[SourceVersionDate "2011.11.24"]
[SourceQuality "1"]
[WhiteTeam "Sarkany"]
[BlackTeam "Torokbalint"]
[WhiteTeamCountry "HUN"]
[BlackTeamCountry "HUN"]

1. e4 c5 2. Nf3 e6 3. d4 cxd4 4. Nxd4 a6 5. c4 Nf6 6. Nc3 Qc7 7. Bd3 Nc6 8. Nde2 Ne5 9. b3 Nxd3+ 10. Qxd3 d6 11. 0-0 Be7 12. Qg3 Bd7 13. Ba3 h5 14. Rfd1 h4 15. Qd3 Bc6 16. Rac1 Rd8 17. Nd5 exd5 18. cxd5 Qa5 19. b4 Qb6 20. dxc6 bxc6 21. Nd4 c5 22. Nf5 cxb4 23. Bb2 Kf8 24. Bd4 Qb7 25. Qe3 Rh5 26. Bb6 Rd7 27. Rc4 d5 28. Rc2 dxe4 29. Rxd7 Qxd7 30. Nd4 Nd5 31. Qe2 Rg5 32. Qxa6 Nxb6 33. Qxb6 Rd5 34. Qb8+ Bd8 35. Qxb4+ Kg8 36. Rd2 Bg5 37. Rd1 Bf6 38. Qb8+ Qd8 0-1

[Event "HUN-ch U18"]
[Site "Budapest"]
[Date "2010.07.04"]
[Round "9"]
[White "Haszon, David"]
[Black "Torday, Balazs"]
[Result "1-0"]
[WhiteElo "2108"]
[BlackElo "2001"]
[PlyCount "113"]
[EventDate "2010.06.26"]
[EventType "swiss"]
[EventRounds "9"]
[EventCountry "HUN"]
[SourceTitle "CBM 137 Extra"]
[Source "ChessBase"]
[SourceDate "2010.09.01"]
[SourceVersion "1"]
[SourceVersionDate "2010.09.01"]
[SourceQuality "1"]

1. e4 c5 2. Nf3 a6 3. c3 d5 4. exd5 Qxd5 5. Na3 Bg4 6. Be2 Nf6 7. Nc2 Qd8 8. Ne3 Bh5 9. d4 e6 10. Qb3 b6 11. 0-0 Nbd7 12. Re1 Be7 13. d5 exd5 14. Nxd5 Nxd5 15. Qxd5 Bxf3 16. Bxf3 Ra7 17. Bg5 Nf6 18. Qc6+ Kf8 19. Rad1 Qc7 20. Bxf6 gxf6 21. Qd5 Kg7 22. Bh5 Rf8 23. Rd3 c4 24. Rg3+ Kh8 25. Bxf7 Bd6 26. Rg8+ Rxg8 27. Bxg8 Bxh2+ 28. Kf1 Be5 29. Qxc4 Qg7 30. Bd5 Qg5 31. Qc8+ Kg7 32. Re3 h5 33. Qg8+ Kh6 34. Qh8+ Rh7 35. Qe8 Qg6 36. Qxg6+ Kxg6 37. Rxe5 fxe5 38. Be4+ Kg7 39. Bxh7 Kxh7 40. Ke2 Kg6 41. Ke3 Kf5 42. c4 a5 43. b3 h4 44. a3 e4 45. f3 exf3 46. Kxf3 Kg5 47. b4 a4 48. c5 bxc5 49. b5 c4 50. b6 c3 51. Ke2 Kg4 52. b7 Kg3 53. Kf1 c2 54. b8Q+ Kg4 55. Qc8+ Kg3 56. Qc3+ Kh2 57. Qh3# 1-0

[Event "HUN-ch U18"]
[Site "Budapest"]
[Date "2010.07.02"]
[Round "7"]
[White "Szabo, Kristof"]
[Black "Torday, Balazs"]
[Result "0-1"]
[WhiteElo "1964"]
[BlackElo "2001"]
[PlyCount "110"]
[EventDate "2010.06.26"]
[EventType "swiss"]
[EventRounds "9"]
[EventCountry "HUN"]
[SourceTitle "CBM 137 Extra"]
[Source "ChessBase"]
[SourceDate "2010.09.01"]
[SourceVersion "1"]
[SourceVersionDate "2010.09.01"]
[SourceQuality "1"]

1. e4 c5 2. Nf3 e6 3. d4 cxd4 4. Nxd4 a6 5. Nc3 Qc7 6. Be2 b5 7. a3 Bb7 8. 0-0 Nf6 9. Bf3 Nc6 10. Nxc6 dxc6 11. Bg5 Be7 12. Qe2 e5 13. Rad1 0-0 14. Bg4 Nxg4 15. Qxg4 Bc8 16. Qg3 f6 17. Bh6 Bc5 18. b4 Bb6 19. Rd6 Ra7 20. Rfd1 Bd4 21. R6xd4 exd4 22. Bf4 Qf7 23. Rxd4 Rd7 24. Qe3 Rfd8 25. Rxd7 Qxd7 26. h3 Qd4 27. Qg3 Kh8 28. e5 g5 29. Bc1 Qxe5 30. Qxe5 fxe5 31. Bxg5 Rf8 32. Ne2 Bf5 33. c3 Kg7 34. Kf1 Kg6 35. h4 Bd3 36. Ke1 Bxe2 37. Kxe2 Kf5 38. Ke3 Rf7 39. f3 h5 40. g4+ hxg4 41. fxg4+ Kxg4 42. Ke4 Rf3 43. Kxe5 Rxc3 44. Kd6 Kf5 45. Kc7 Ke6 46. Kb6 Kd5 47. Kxa6 Rxa3+ 48. Kb6 Rc3 49. Bf6 Rc4 50. h5 Rf4 51. Bg7 Rxb4 52. h6 Rh4 53. Bf8 Rh5 54. Ka5 Kc4 55. Bg7 b4+ 0-1

[Event "HUN-ch U18"]
[Site "Budapest"]
[Date "2010.06.28"]
[Round "3"]
[White "Nemeth, Denes"]
[Black "Torday, Balazs"]
[Result "1/2-1/2"]
[WhiteElo "2099"]
[BlackElo "2001"]
[PlyCount "49"]
[EventDate "2010.06.26"]
[EventType "swiss"]
[EventRounds "9"]
[EventCountry "HUN"]
[SourceTitle "CBM 137 Extra"]
[Source "ChessBase"]
[SourceDate "2010.09.01"]
[SourceVersion "1"]
[SourceVersionDate "2010.09.01"]
[SourceQuality "1"]

1. d4 Nf6 2. c4 e6 3. g3 d5 4. Nf3 Be7 5. Bg2 0-0 6. Qc2 dxc4 7. Qxc4 a6 8. a4 Nbd7 9. 0-0 b5 10. Qc2 Bb7 11. Bf4 c5 12. axb5 axb5 13. Nc3 Qb6 14. e3 Rfc8 15. Qb3 Nd5 16. Rxa8 Rxa8 17. Qxb5 Qxb5 18. Nxb5 Nxf4 19. gxf4 Ra2 20. Nc3 Rxb2 21. Na4 Rb4 22. Nxc5 Nxc5 23. dxc5 Bxf3 24. Bxf3 Bxc5 25. Rc1 1/2-1/2

[Event "HUN-chT2 Breyer 0910"]
[Site "Hungary"]
[Date "2010.04.18"]
[Round "10"]
[White "Kovacs, Balazs"]
[Black "Torday, Balazs"]
[Result "0-1"]
[WhiteElo "1837"]
[BlackElo "1976"]
[PlyCount "82"]
[EventDate "2009.11.08"]
[EventType "team-tourn"]
[EventRounds "11"]
[EventCountry "HUN"]
[SourceTitle "EXT 2011"]
[Source "ChessBase"]
[SourceDate "2010.11.26"]
[SourceVersion "1"]
[SourceVersionDate "2010.11.26"]
[SourceQuality "1"]
[WhiteTeam "Turul"]
[BlackTeam "Torokbalint"]
[WhiteTeamCountry "HUN"]
[BlackTeamCountry "HUN"]

1. e4 c5 2. b3 d6 3. Bb2 e6 4. f4 Nf6 5. Bb5+ Nbd7 6. d3 a6 7. Bxd7+ Bxd7 8. Nf3 Be7 9. 0-0 0-0 10. e5 Nd5 11. Qd2 f6 12. c4 Nc7 13. exd6 Bxd6 14. Nc3 Bc6 15. Ne4 Qe7 16. Qe3 Rad8 17. Rad1 Rfe8 18. Nfd2 b6 19. Qg3 Rf8 20. Rde1 Ne8 21. Re3 Bc7 22. Qh4 Nd6 23. Rg3 Nxe4 24. Nxe4 Bxe4 25. dxe4 Rf7 26. Rh3 h6 27. Qg4 Kf8 28. Qg6 Rd2 29. Qh7 Qd7 30. Bc3 Rc2 31. e5 Rxc3 32. Qh8+ Ke7 33. exf6+ gxf6 34. Rxh6 Qd4+ 35. Kh1 Qxf4 36. Rg1 Rc1 37. Rh3 Rxg1+ 38. Kxg1 Qc1+ 39. Kf2 Qd2+ 40. Kf1 Qd1+ 41. Kf2 Be5 0-1

[Event "HUN-chT2 Breyer 0910"]
[Site "Hungary"]
[Date "2010.02.14"]
[Round "6"]
[White "Haszon, Abel"]
[Black "Torday, Balazs"]
[Result "0-1"]
[WhiteElo "1741"]
[BlackElo "1976"]
[PlyCount "40"]
[EventDate "2009.11.08"]
[EventType "team-tourn"]
[EventRounds "11"]
[EventCountry "HUN"]
[SourceTitle "EXT 2011"]
[Source "ChessBase"]
[SourceDate "2010.11.26"]
[SourceVersion "1"]
[SourceVersionDate "2010.11.26"]
[SourceQuality "1"]
[WhiteTeam "Honved II"]
[BlackTeam "Torokbalint"]
[WhiteTeamCountry "HUN"]
[BlackTeamCountry "HUN"]

1. Nf3 Nf6 2. g3 b6 3. Bg2 Bb7 4. d4 e6 5. 0-0 Be7 6. c4 0-0 7. b3 Ne4 8. Qc2 f5 9. Rd1 c6 10. Nbd2 d5 11. Bh3 Bf6 12. Nxe4 dxe4 13. Ne5 Qc7 14. Bb2 c5 15. e3 Rd8 16. Qe2 Bxe5 17. dxe5 Nc6 18. g4 Nxe5 19. gxf5 Nf3+ 20. Kh1 Qxh2# 0-1

[Event "HUN-chT2 Breyer 0910"]
[Site "Hungary"]
[Date "2009.12.20"]
[Round "4"]
[White "Szabo, Gabor1111"]
[Black "Torday, Balazs"]
[Result "0-1"]
[WhiteElo "1862"]
[BlackElo "1976"]
[PlyCount "92"]
[EventDate "2009.11.08"]
[EventType "team-tourn"]
[EventRounds "11"]
[EventCountry "HUN"]
[SourceTitle "EXT 2011"]
[Source "ChessBase"]
[SourceDate "2010.11.26"]
[SourceVersion "1"]
[SourceVersionDate "2010.11.26"]
[SourceQuality "1"]
[WhiteTeam "Geniusz Tata"]
[BlackTeam "Torokbalint"]
[WhiteTeamCountry "HUN"]
[BlackTeamCountry "HUN"]

1. e4 c5 2. Nf3 e6 3. c3 d5 4. exd5 Qxd5 5. d4 Nf6 6. Be2 Be7 7. 0-0 0-0 8. Re1 Nc6 9. Na3 cxd4 10. cxd4 Bxa3 11. bxa3 Rd8 12. Bb2 b6 13. Rc1 Bb7 14. Bc4 Qh5 15. Be2 Qd5 16. Bc4 Qd6 17. Qd2 Nd5 18. Re4 Nce7 19. Rce1 Rac8 20. Bb3 Ng6 21. g3 Re8 22. Ne5 Nf6 23. R4e2 Nxe5 24. Rxe5 h6 25. Ba4 Red8 26. Qb4 Bd5 27. Bb3 Qxb4 28. axb4 Bxb3 29. axb3 Rd5 30. Kg2 Rxe5 31. dxe5 Nd5 32. b5 Rc5 33. Ra1 Rxb5 34. Rxa7 Rxb3 35. Ba3 b5 36. Ra8+ Kh7 37. Bd6 b4 38. Rb8 Rb1 39. Kf3 b3 40. h4 Kg6 41. Kg4 h5+ 42. Kf3 Nc3 43. Kf4 Nd1 44. f3 Rc1 45. g4 b2 46. gxh5+ Kh7 0-1

[Event "HUN-chT2 Erkel 0809"]
[Site "Hungary"]
[Date "2009.02.22"]
[Round "8.9"]
[White "Merena, Laszlo"]
[Black "Torday, Balazs"]
[Result "0-1"]
[WhiteElo "2026"]
[BlackElo "1976"]
[PlyCount "54"]
[EventDate "2008.10.26"]
[EventType "team-tourn"]
[EventRounds "11"]
[EventCountry "HUN"]
[SourceTitle "EXT 2010"]
[Source "ChessBase"]
[SourceDate "2010.11.25"]
[SourceVersion "1"]
[SourceVersionDate "2010.11.25"]
[SourceQuality "1"]
[WhiteTeam "Ujszasz"]
[BlackTeam "TTC"]
[WhiteTeamCountry "HUN"]
[BlackTeamCountry "HUN"]

1. e4 c5 2. f4 d5 3. exd5 Nf6 4. Nc3 Nxd5 5. Qf3 Nb4 6. Qd1 Bf5 7. d3 N8c6 8. a3 Nd5 9. Nf3 e6 10. Be2 Be7 11. 0-0 Bf6 12. Ne4 Qc7 13. Nxf6+ gxf6 14. Nh4 Nd4 15. c3 Nxe2+ 16. Qxe2 Ne7 17. Be3 0-0-0 18. Rfd1 Rhg8 19. Nxf5 Nxf5 20. Qf2 Rg4 21. b4 Rdg8 22. g3 h5 23. Bxc5 h4 24. Bxa7 hxg3 25. Qc5 gxh2+ 26. Kf2 Rg2+ 27. Kf3 R8g3+ 0-1

[Event "HUN-chT2 Erkel 0809"]
[Site "Hungary"]
[Date "2008.12.21"]
[Round "4.10"]
[White "Torday, Balazs"]
[Black "Zeman, Adrienn"]
[Result "1-0"]
[WhiteElo "1976"]
[BlackElo "1998"]
[PlyCount "47"]
[EventDate "2008.10.26"]
[EventType "team-tourn"]
[EventRounds "11"]
[EventCountry "HUN"]
[SourceTitle "EXT 2010"]
[Source "ChessBase"]
[SourceDate "2010.11.25"]
[SourceVersion "1"]
[SourceVersionDate "2010.11.25"]
[SourceQuality "1"]
[WhiteTeam "TTC"]
[BlackTeam "MAFC"]
[WhiteTeamCountry "HUN"]
[BlackTeamCountry "HUN"]

1. d4 Nf6 2. c4 c5 3. d5 e6 4. Nc3 exd5 5. cxd5 d6 6. e4 g6 7. h3 Bg7 8. Nf3 0-0 9. Bd3 Re8 10. 0-0 a6 11. a4 b6 12. Bf4 Nh5 13. Bh2 Bf8 14. e5 dxe5 15. Nxe5 Bd6 16. f4 Bb7 17. Qf3 Nd7 18. Rae1 Qc7 19. g4 Ng7 20. Bc4 Rf8 21. Ne4 Kh8 22. Ng5 Bxe5 23. fxe5 Nb8 24. Nxf7+ 1-0

[Event "HUN-chT2 Breyer 0708"]
[Site "Hungary"]
[Date "2008.03.02"]
[Round "7"]
[White "Toth, Antal"]
[Black "Torday, Balazs"]
[Result "0-1"]
[WhiteElo "1611"]
[BlackElo "1834"]
[PlyCount "54"]
[EventDate "2007.10.14"]
[EventType "team"]
[EventRounds "11"]
[EventCountry "HUN"]
[SourceTitle "EXT 2009"]
[Source "ChessBase"]
[SourceDate "2008.11.26"]
[SourceVersion "1"]
[SourceVersionDate "2008.11.26"]
[SourceQuality "1"]
[WhiteTeam "Zoltek"]
[BlackTeam "Penzugyor II"]
[WhiteTeamCountry "HUN"]
[BlackTeamCountry "HUN"]

1. e4 c5 2. Nf3 e6 3. d4 cxd4 4. Nxd4 a6 5. Be2 Nf6 6. Nc3 Qc7 7. 0-0 Nc6 8. Nb3 b5 9. a3 Bb7 10. Be3 Be7 11. Nc5 Bc8 12. f4 d6 13. Nd3 Bb7 14. Bf3 Nd7 15. Qe2 Bf6 16. Bd2 Nd4 17. Qd1 Nb6 18. Re1 Nc4 19. Be3 Nxf3+ 20. gxf3 Nxb2 21. Nxb2 Bxc3 22. Nd3 Bxe1 23. Qxe1 Rc8 24. Rc1 Qc3 25. Qxc3 Rxc3 26. Bd4 Rxa3 27. Bb2 Ra4 0-1

[Event "HUN-chT2 Breyer 0708"]
[Site "Hungary"]
[Date "2007.11.11"]
[Round "2"]
[White "Torday, Balazs"]
[Black "Rot, Norbert"]
[Result "1-0"]
[WhiteElo "1834"]
[BlackElo "1817"]
[PlyCount "81"]
[EventDate "2007.10.14"]
[EventType "team"]
[EventRounds "11"]
[EventCountry "HUN"]
[SourceTitle "EXT 2009"]
[Source "ChessBase"]
[SourceDate "2008.11.26"]
[SourceVersion "1"]
[SourceVersionDate "2008.11.26"]
[SourceQuality "1"]
[WhiteTeam "Penzugyor II"]
[BlackTeam "Balatonfuered"]
[WhiteTeamCountry "HUN"]
[BlackTeamCountry "HUN"]

1. d4 d5 2. c4 e6 3. Nc3 Be7 4. cxd5 exd5 5. Qc2 Nf6 6. Bg5 h6 7. Bh4 Be6 8. e3 0-0 9. Bd3 Nbd7 10. Nge2 c5 11. 0-0 c4 12. Bf5 Bxf5 13. Qxf5 g6 14. Qf3 Qb6 15. Bxf6 Nxf6 16. Nxd5 Nxd5 17. Qxd5 Qxb2 18. Qxc4 Rac8 19. Qd3 Qc2 20. Rfd1 Qxd3 21. Rxd3 Rc2 22. Kf1 Rfc8 23. e4 Rb2 24. Rb3 Rcc2 25. Rxb2 Rxb2 26. e5 Rd2 27. f4 b6 28. a4 g5 29. f5 Kf8 30. Rc1 Ba3 31. Rc7 Bb2 32. Rd7 a6 33. Kf2 Rd3 34. e6 fxe6 35. fxe6 b5 36. axb5 axb5 37. d5 b4 38. Ng3 Bc3 39. Nf5 Rd2+ 40. Ke3 Rd1 41. Rd8# 1-0

[Event "Budapest FS06 FM-B"]
[Site "Budapest"]
[Date "2007.06.12"]
[Round "11"]
[White "Torday, Balazs"]
[Black "Lakat, Gyula"]
[Result "1-0"]
[WhiteElo "1861"]
[BlackElo "1949"]
[PlyCount "109"]
[EventDate "2007.06.02"]
[EventType "tourn"]
[EventRounds "11"]
[EventCountry "HUN"]
[SourceTitle "CBM 118 Extra"]
[Source "ChessBase"]
[SourceDate "2007.07.04"]
[SourceVersion "1"]
[SourceVersionDate "2007.07.04"]
[SourceQuality "1"]

1. d4 Nf6 2. Nf3 c5 3. c4 g6 4. g3 Bg7 5. Bg2 cxd4 6. Nxd4 Qc7 7. b3 a6 8. 0-0 e5 9. Nc2 0-0 10. Bb2 Nc6 11. Nc3 d6 12. Ne3 Ne7 13. Rc1 Be6 14. Qc2 Rac8 15. Rfd1 Bh6 16. Ne4 Ne8 17. Qd3 Nf5 18. Nd5 Bxd5 19. cxd5 Bxc1 20. Rxc1 Qd8 21. Rxc8 Qxc8 22. Ba3 Kg7 23. g4 Nd4 24. Nxd6 Qc2 25. Qxc2 Nxc2 26. Bc5 Nxd6 27. Bxd6 Re8 28. Bc7 Kf6 29. d6 Ke6 30. Bxb7 Kd7 31. Bxa6 Nd4 32. e3 Ra8 33. Bc4 Ne6 34. a4 Nxc7 35. dxc7 f6 36. Kf1 Kxc7 37. Ke2 Kb6 38. Kf3 Kc5 39. Ke4 Re8 40. h4 h6 41. Bf7 Rb8 42. h5 gxh5 43. gxh5 Rb7 44. Bc4 Rg7 45. f4 Kd6 46. Kf5 exf4 47. exf4 Ke7 48. a5 Rg1 49. a6 Ra1 50. Kg6 f5 51. Kxf5 Rd1 52. Kg6 Rd8 53. f5 Rd6+ 54. Kg7 Rb6 55. a7 1-0

[Event "Budapest FS06 FM-B"]
[Site "Budapest"]
[Date "2007.06.11"]
[Round "10"]
[White "Zoltan, Andras"]
[Black "Torday, Balazs"]
[Result "1-0"]
[WhiteElo "2030"]
[BlackElo "1861"]
[PlyCount "95"]
[EventDate "2007.06.02"]
[EventType "tourn"]
[EventRounds "11"]
[EventCountry "HUN"]
[SourceTitle "CBM 118 Extra"]
[Source "ChessBase"]
[SourceDate "2007.07.04"]
[SourceVersion "1"]
[SourceVersionDate "2007.07.04"]
[SourceQuality "1"]

1. e4 c5 2. Nf3 e6 3. d3 Nc6 4. g3 g6 5. Bg2 Bg7 6. 0-0 Nge7 7. c3 0-0 8. Be3 b6 9. Re1 d5 10. exd5 Nxd5 11. Bg5 Qd7 12. Qd2 Bb7 13. Bh6 Rfd8 14. Bxg7 Kxg7 15. Na3 Rac8 16. Nc4 b5 17. Nce5 Nxe5 18. Nxe5 Qe7 19. Ng4 Rc7 20. Qh6+ Kg8 21. Rad1 Nf6 22. Ne5 Bxg2 23. Kxg2 Nd7 24. h4 Nxe5 25. Rxe5 Rd5 26. Rxd5 exd5 27. h5 Rc6 28. Rh1 c4 29. Qf4 Rd6 30. d4 Qe6 31. hxg6 fxg6 32. Qe5 Qxe5 33. dxe5 Rd8 34. f4 d4 35. cxd4 Rxd4 36. Kf3 Rd2 37. e6 Rd6 38. Re1 Kf8 39. g4 Ke7 40. f5 Rd2 41. f6+ Kxf6 42. e7 Rd3+ 43. Kf2 Rd2+ 44. Kf1 Rd1 45. e8Q Rxe1+ 46. Kxe1 Kg5 47. Qe4 a5 48. Kf2 1-0